Cuestiones de arte contemporáneo: hacia un nuevo espectador en el siglo XXI

Guardat en:
Dades bibliogràfiques
Autors principals: Oliveras, Elena (autora), Gyldenfeldt, Oscar de (Autor), Reyes, Graciela I. de los (Autor), Buchar, Inés A (Autor), Rosa, María Laura (Autor), Sarti, Graciela C (Autor), Fiel, Cecilia (Autor), Casanegra, Mercedes (Autor)
Format: Llibre
Idioma:espanyol
Publicat: Buenos Aires Emecé 2013
Edició:4a. ed
Matèries:
Etiquetes: Afegir etiqueta
Sense etiquetes, Sigues el primer a etiquetar aquest registre!

MARC

LEADER 00000cam a2200000 a 4500
001 UCE4824
003 CL-VaPUC
008 141113e20130100ag |||||||||||||||||spa|d
020 |a 9789500429788 
082 0 4 |a 701.18  |b OLI  |2 21 
100 |a Oliveras, Elena  |e autora  |9 577305 
700 0 |a Gyldenfeldt, Oscar de  |e author  |9 577306 
700 0 |a Reyes, Graciela I. de los  |e author  |9 577307 
700 0 |a Buchar, Inés A  |e author  |9 577308 
700 0 |a Rosa, María Laura  |e author  |9 577309 
700 0 |a Sarti, Graciela C  |e author  |9 577310 
700 0 |a Fiel, Cecilia  |e author  |9 577311 
700 0 |a Casanegra, Mercedes  |e author  |9 577312 
245 1 0 |a Cuestiones de arte contemporáneo: hacia un nuevo espectador en el siglo XXI 
250 |a 4a. ed 
300 |a 272 p 
942 |c BK 
945 |d 20141113 14:00:00  |a dcastane 
260 |a Buenos Aires  |b Emecé  |c 2013 
650 0 |a Arte contemporáneo  |9 338008 
650 0 |a Crítica de arte  |9 334590 
650 0 |a Historia del arte  |9 314877 
583 |a last modification  |c 20141113 14:00:00  |k Rodrigo Vera 
999 |c 357683  |d 357681 
952 |0 0  |1 0  |3 erb  |4 0  |6 701_180000000000000_OLI_2013  |7 0  |8 A  |9 465729  |a BIBART  |b BIBART  |i 5125006  |o 701.18 OLI 2013  |p 5125006  |r 2025-03-13  |w 2019-11-23  |y BK  |z Catalogado en:20141113  |k ART